Представление документа в формате MARC21

Поле Инд. ПП Название Значение
Тип записи a
Библиографический уровень b
001 Контрольный номер UNIDUBNAce2323c9142b4163ac4869159cea14fa
005 Дата корректировки 20230707115010.3
008 Кодируемые данные 20170331
040 b Код языка каталог. rus
e Правила каталог. PSBO
041 0_ a Код языка текста rus
084 a Индекс другой классификации/Индекс ББК 60.953.5; 88.75-82; 88.93
100 1_ a Автор Соломонова О. Г.
100 1_ a Автор Москвина А. А.
245 10 a Заглавие Постинсультная реабилитация получателей социальных услуг в доме-интернате для престарелых и инвалидов
520 0_ a Аннотация Основными целями реабилитации больных, перенесших инсульт, является улучшение качества жизни, восстановление утраченных функций, социальная адаптация и интеграция в общество. Следует как можно раньше начинать реабилитационные мероприятия, соблюдать этапность, преемственность и непрерывность, использовать комплексность, применяя все средства медицинской и социально-трудовой реабилитации, учитывая личностные особенности пациентов.
650 14 a Основная рубрика клиническая психология (медицинская психология)
a Основная рубрика нейропсихология
a Основная рубрика практическая психология (прикладная психология)
a Основная рубрика психокоррекция
a Основная рубрика психология
a Основная рубрика социальная работа
653 0_ a Ключевые слова дома-интернаты
a Ключевые слова инвалиды
a Ключевые слова комплексная реабилитация
a Ключевые слова медико-социальная реабилитация
a Ключевые слова постинсультные нарушения
a Ключевые слова престарелые люди
a Ключевые слова психологическое сопровождение
a Ключевые слова психосоциальная реабилитация
a Ключевые слова реабилитационные центры
a Ключевые слова социальная адаптация
a Ключевые слова социальная интеграция
a Ключевые слова социально-трудовая реабилитация
a Ключевые слова центры социального обслуживания
773 08 t Заглавие источника Работник социальной службы
d Дата издания источника 2022
g Прочая информация № 5. - С. 21 - 24
w Контрольный № источника UNIDUBNAd04d7a1469c947bc9c47f7195c269d06
901 t Тип документа b